To the lighthouse
Sparad:
| Huvudupphovsman: | |
|---|---|
| Materialtyp: | Bok |
| Språk: | Undetermined |
| Publicerad: |
London
Everyman's Library
1991
|
| Ämnen: | |
| Taggar: |
Lägg till en tagg
Inga taggar, Lägg till första taggen!
|
| Thư viện lưu trữ: | Trung tâm Học liệu Trường Đại học Cần Thơ |
|---|
| LEADER | 00482nam a2200181Ia 4500 | ||
|---|---|---|---|
| 001 | CTU_27307 | ||
| 008 | 210402s9999 xx 000 0 und d | ||
| 082 | |a 823.9 | ||
| 082 | |b W913t | ||
| 100 | |a Virginia Woolf | ||
| 245 | 0 | |a To the lighthouse | |
| 245 | 0 | |c Virginia Woolf | |
| 260 | |a London | ||
| 260 | |b Everyman's Library | ||
| 260 | |c 1991 | ||
| 650 | |a english literature - 20th century | ||
| 904 | |i Minh, 981215 | ||
| 980 | |a Trung tâm Học liệu Trường Đại học Cần Thơ | ||